| 000 | 01307nam a22003251a 4500 | ||
|---|---|---|---|
| 001 | 3448831 | ||
| 005 | 20110718132931.0 | ||
| 008 | 920226m19939999nyu b 001 0 eng | ||
| 010 | _a92009496 | ||
| 020 | _a0195144023 | ||
| 035 | _9(DLC) 92009496 | ||
| 040 |
_aDLC _cDLC _dDLC |
||
| 050 | 0 | 0 |
_aR 726.K35 1996 _bR 726.K35 1996 |
| 082 | 0 | 0 |
_a174/.24 _220 |
| 100 | 1 |
_aKamm, F. M. _q(Frances Myrna) |
|
| 245 | 1 | 0 |
_aMorality, mortality: _brights, duties, and status / _cF.M. Kamm. _h[Text] |
| 260 |
_aNew York _bOxford University Press _c1993-<c1996- |
||
| 300 |
_av. 2 ; _c25 cm. |
||
| 440 | 0 | _aOxford ethics series | |
| 504 | _aIncludes bibliographical references (v. 1, p. 331-333) and index. | ||
| 505 | 1 | _av. 1. Death and whom to save from it -- v. 2. Rights, duties, and status. | |
| 650 | 0 | _aDeath. | |
| 650 | 0 |
_aTerminal care _xMoral and ethical aspects. |
|
| 856 | 4 | 2 | _3Publisher description |
| 906 |
_a7 _bcbc _corignew _d1 _eocip _f19 _gy-gencatlg |
||
| 925 | 0 |
_aacquire _b2 shelf copies _xpolicy default |
|
| 991 |
_bc-GenColl _hR726 _i.K35 1993 _tCopy 1 _wBOOKS |
||
| 999 |
_c39229 _d39229 |
||